La foire aux cancres (Record no. 106777)

MARC details
000 -LEADER
campo de control de longitud fija 00701nam a2200229 i 4500
001 - NÚMERO DE CONTROL
campo de control 106777
003 - IDENTIFICADOR DE NÚMERO DE CONTROL
campo de control ES-MaACL
005 - FECHA Y HORA DE LA ÚLTIMA TRANSACCIÓN
campo de control 20230906184245.0
007 - CAMPO FIJO DE DESCRIPCIÓN FÍSICA--INFORMACIÓN GENERAL
campo de control de longitud fija t|
008 - DATOS DE LONGITUD FIJA--INFORMACIÓN GENERAL
campo de control de longitud fija 061222s1996 fr ||||1| fre d
020 ## - NÚMERO INTERNACIONAL ESTÁNDAR DEL LIBRO
Número Internacional Estándar del Libro 2-277-30132-9
080 ## - NÚMERO DE LA CLASIFICACIÓN DECIMAL UNIVERSAL
Número de la Clasificación Decimal Universal 821.133.1-845"19"
100 1# - ENTRADA PRINCIPAL--NOMBRE DE PERSONA
Nombre de persona Jean-Charles.
9 (RLIN) 66232
245 13 - MENCIÓN DEL TÍTULO
Título La foire aux cancres
Resto del título : édition revue et augmentée d'un postambule et de quelques notes de l'auteur /
Mención de responsabilidad, etc. Jean-Charles.
260 ## - PUBLICACIÓN, DISTRIBUCIÓN, ETC.
Lugar de publicación, distribución, etc. Paris :
Nombre del editor, distribuidor, etc. EJL,
Fecha de publicación, distribución, etc. [1996]
300 ## - DESCRIPCIÓN FÍSICA
Extensión 122 p. ;
Dimensiones 21 cm.
490 1# - MENCIÓN DE SERIE
Mención de serie Librio ;
Designación de volumen o secuencia 132
500 ## - NOTA GENERAL
Nota general Biblioteca Jacinto Martínez Lacalle.
830 0# - PUNTO DE ACCESO ADICIONAL DE SERIE-TÍTULO UNIFORME
Título uniforme Librio ;
Designación de volumen o secuencia 132
9 (RLIN) 185296
852 ## - LOCALIZACIÓN
Ubicación ES-MaACL
Número de control de estantería E-11460
Sublocalización o colección R.139487
Holdings
Estatus retirado Estado de pérdida Estado de daño No para préstamo Biblioteca de origen Biblioteca actual Ubicación en estantería Fecha de adquisición Fuente de adquisición Total de préstamos Signatura topográfica completa Código de barras Visto por última vez Precio de reemplazo Tipo de ítem Koha
        Biblioteca del Ateneo de Madrid Biblioteca del Ateneo de Madrid Depósito 2 17/01/2008     E-11460 1111455 23/02/2023 23/02/2023 Libro impreso